Hogwarts Charms Exam Quiz Stats

 Plays Quiz Updated Feb 18, 2017

Support Sporcle.
Go Orange.
Score 0/20 Timer 05:00
22 Plays Today
% Correct
???
95.5%
???
95.3%
???
92.2%
???
91.6%
???
90.8%
???
90.2%
???
90.1%
???
83.5%
???
74.2%
???
72.5%
% Correct
???
70.3%
???
70%
???
69.5%
???
68.7%
???
67.9%
???
67.3%
???
62.8%
???
57%
???
54.4%
???
53%

You're not logged in!

Compare scores with friends on all Sporcle quizzes.
OR
Log In
Forgot?

From the Vault

Director by Words From Movie Titles

by purplekoala

Here's where it really pays to have a unique title.
Remove Ads.
Support Sporcle.
Get the best of Sporcle when you Go Orange. This ad-free experience offers more features, more stats, and more fun while also helping to support Sporcle. Thank you for becoming a member.

Show Comments

Extras

Top Quizzes Today


Score Distribution

Your Account Isn't Verified!

In order to create a playlist on Sporcle, you need to verify the email address you used during registration. Go to your Sporcle Settings to finish the process.

Report this User

Report this user for behavior that violates our Community Guidelines.

Details: